000 01526cam a2200397 a 4500
003 CHAP
005 20220329142451.0
007 z
008 010402d1999 mx 10 spa d
010 _a83883
011 _a84855
020 _a9701838742
035 _a95381
040 _cCHAP
090 _aCD-83
110 0 _aMéxico. Dirección General de Educación Tecnológica Agropecuaria
_976981
245 0 _aResúmenes congresos nacionales de investigación y desarrollo tecnológico agropecuario 1990-99 (disco compacto)
_c/por Dirección General de Educación Tecnológica Agropecuaria
260 _aMéxico, D. F. :
_bDirección General de Educación Tecnológica Agropecuaria,
_c1999.
300 _a1 disco compacto
_c5 1/4 plgs.
590 _aBATCH-UPD
_b10
_c20130110
_lUCH01
_h0559
590 _aBATCH-UPD
_b10
_c20130110
_lUCH01
_h2356
590 _aBATCH-UPD
_b10
_c20130410
_lUCH01
_h0240
590 _aBATCH-UPD
_b10
_c20130410
_lUCH01
_h1642
590 _aBATCH-UPD
_b10
_c20130913
_lUCH01
_h2035
590 _aCONVERSION
_b10
_c20130109
_lUCH01
_h1347
650 1 4 _aAgricultura
_xCongresos.
_91373
650 1 4 _aCiencia
_xCongresos.
_923113
650 1 4 _aTecnología
_xCongresos.
_9111941
700 0 _aIbarra Casiano, José Luis.
_957157
700 0 _aSepúlveda Perales, Raúl.
_9104486
711 0 _aCongreso Nacional de Investigación y Desarrollo Tecnológico Agropecuario.
_927027
901 _aBK
905 _aLilia Sánchez G.
942 _cCD
949 _aCD-83
_bBC
_cCD
_d33724000820270
_eCD
_i95381
_sb
999 _c83883
_d83883